02188nam a2200361 a 4500001001200000003000800012006001900020007001500039008004100054010001700095020004100112020003800153020002700191040002100218035002100239050002600260082001400286100003200300245014600332260005000478300002400528504005100552505077500603533015201378650002401530650002501554655002901579700003001608700002601638710001701664856012601681999001901807ebr10520103CaPaEBRm u cr cn|||||||||090808s2010 flua sb 001 0 eng d z 2009032548 z9781604270266 (hardcover alk. paper) z1604270268 (hardcover alk. paper) z9781604276787 (e-book) aCaPaEBRcCaPaEBR a(OCoLC)70722737714aHD38.5b.P6374 2010eb04a658.72221 aPoirier, Charles C.,d1936-10aDiagnosing greatnessh[electronic resource] :bten traits of the best supply chains /cCharles C. Poirier, Francis J. Quinn, Morgan L. Swink. aFt. Lauderdale, Fla. :bJ. Ross Pub.,cc2010. axix, 273 p. :bill. aIncludes bibliographical references and index.0 aTraits of the best supply chains : an overview -- Supply chain maturity : hypotheses behind the supporting research -- Trait 1 : supply chain success starts with a sound strategy supported by solid leadership -- Trait 2 : focusing on financial impact to achieve superior results -- Trait 3 : a portfolio approach to innovation and process improvement -- Trait 4 : selective collaboration with trusted business partners -- Trait 5 : excellence in strategic sourcing -- Trait 6 : world-class logistics execution -- Trait 7 : proficiency in planning and responsiveness -- Trait 8 : high customer integration and satisfaction -- Trait 9 : ability to anticipate and manage risk -- Trait 10 : globally optimized operations (completing the effort) -- Advice for moving forward. aElectronic reproduction.bPalo Alto, Calif. :cebrary,d2012.nAvailable via World Wide Web.nAccess may be limited to ebrary affiliated libraries. 0aBusiness logistics. 0aSuccess in business. 7aElectronic books.2local1 aQuinn, Francis J.,d1943-1 aSwink, Morgan,d1959-2 aebrary, Inc.40uhttp://site.ebrary.com/lib/rucke/Doc?id=10520103zAn electronic book accessible through the World Wide Web; click to view c140904d140904